Premier League Teams By Logo - Statistics

General Stats
  • This quiz has been taken 37 times
  • The average score is 15 of 20
Answer Stats
Picture Answer % Correct
Arsenal
97%
Aston Villa
90%
Chelsea
87%
Manchester City
87%
Manchester United
87%
Newcastle United
87%
Liverpool
83%
Tottenham Hotspur
83%
West Ham United
83%
Nottingham Forest
80%
Wolverhampton Wanderers
80%
Everton
77%
Brentford
73%
Fulham
73%
Leeds United
73%
Crystal Palace
70%
Sunderland
60%
Burnley
57%
AFC Bournemouth
50%
Brighton and Hove Albion
37%
No matching quizzes found
Score Distribution
Percent of People with Each Score
Percentile by Number Answered
Your Score History
You have not taken this quiz